| 000 | 00499nam a2200157Ia 4500 | ||
|---|---|---|---|
| 008 | 170221s9999 xx 000 0 und d | ||
| 100 | _aJens Tenscher | ||
| 245 | _aMedia Consumption and Regional Perceptions of Global Climate Change: Findings from Germany | ||
| 245 | _cJens Tenscher | ||
| 260 | _bStudies in Media and Communication | ||
| 260 | _c2016 | ||
| 300 | _a5 : 3 | ||
| 650 | _xCommunication | ||
| 650 | _xMedia Arts | ||
| 856 | _uhttp://redfame.com/journal/index.php/smc/issue/view/6 | ||
| 999 |
_c312956 _d312956 |
||